000 00645nam a2200253Ia 4500
003 OSt
005 20221005053833.0
006 a|||||r|||| 00| 0
007 ta
008 221004b |||||||| |||| 00| 0 eng d
020 _a0896034518
024 _a16514
037 _cTextual
040 _aCRL
_cCRL
_beng
041 _2eng
_aeng
082 _aE92ZZ, N7
100 _aPoirier Judes
_9597761
245 0 _aApoptosis techniques and protocols
260 _aLondon
_bHumana Press
_c1997
300 _a286
_ccm.
650 _aBIOTECHNOLOGY
942 _hE92ZZ, N7
_cTEXL
_2cc
999 _c962621
_d962621